000 00551nam a2200217Ia 4500
008 210210b2019 xxu||||| |||| 00| 0 eng d
020 _a9788131610602
041 _aeng
082 _a305.420954 GANH
100 _aGANKIDI (Sudarshanam) Ed
245 _aHuman rights in India: prospective and retrospective
260 _aJaipur
_bRawat Publications
_c2019
300 _axv,247
650 _arights
650 _aretrospective
650 _aprospective
650 _aIndia:
650 _aHuman
690 _aHuman Rights
906 _a074211
999 _c123996
_d123996